[Event "15. Obert Int. Sant Marti 2013"]
[Site "Barcelona ESP"]
[Date "2013.07.16"]
[Round "4.2"]
[White "Agdestein, Simen"]
[Black "Nikolov, Momchil"]
[Result "1-0"]
[WhiteElo "2567"]
[BlackElo "2538"]
[PlyCount "69"]
[EventDate "2013.07.13"]
[EventType "swiss"]
[EventRounds "9"]
[EventCountry "ESP"]
[SourceTitle "Ajedrez en Madrid"]
[Source "lmi"]
[SourceDate "2013.07.13"]
[SourceVersion "1"]
[SourceVersionDate "2019.06.21"]
[SourceQuality "1"]

1. c4 Nf6 2. Nc3 c5 3. Nf3 d5 4. cxd5 Nxd5 5. e4 Nb4 6. Bc4 Nd3+ 7. Ke2 Nf4+ 8.
Kf1 Ne6 9. b4 cxb4 10. Ne2 Nc7 11. Ng3 e6 12. Bb2 b5 13. Be2 Bb7 14. Rc1 Nd7
15. Nd4 Bd6 16. Nh5 O-O 17. Nxg7 Bxe4 18. d3 Bb7 19. Qd2 Nd5 20. Nh5 Nc3 21.
Nxb5 Be5 22. d4 Ne4 23. Qe3 Bh8 24. Rc7 Bd5 25. f3 f5 26. fxe4 fxe4+ 27. Ke1
Rf5 28. Qg3+ Rg5 29. Rxd7 Rxg3 30. Rxd8+ Rxd8 31. Nxg3 Rd7 32. Kd2 a6 33. Rc1
axb5 34. Rc8+ Kf7 35. Rxh8 1-0

[Event "15. Obert Int. Sant Marti 2013"]
[Site "Barcelona ESP"]
[Date "2013.07.16"]
[Round "4.3"]
[White "Asis Gargatagli, Hipolito"]
[Black "Grigoryan, Karen H."]
[Result "1-0"]
[WhiteElo "2487"]
[BlackElo "2550"]
[PlyCount "121"]
[EventDate "2013.07.13"]
[EventType "swiss"]
[EventRounds "9"]
[EventCountry "ESP"]
[SourceTitle "Ajedrez en Madrid"]
[Source "lmi"]
[SourceDate "2013.07.13"]
[SourceVersion "1"]
[SourceVersionDate "2019.06.21"]
[SourceQuality "1"]

1. e4 e5 2. Nf3 Nc6 3. Bb5 Nf6 4. d3 d6 5. O-O g6 6. d4 Bd7 7. Re1 Bg7 8. d5
Ne7 9. a4 c6 10. dxc6 bxc6 11. Bc4 Qc7 12. Nc3 O-O 13. Bg5 h6 14. Bh4 Rad8 15.
Bb3 g5 16. Bg3 Ng6 17. h4 g4 18. Nh2 h5 19. f3 Bh6 20. Kh1 Kg7 21. Rf1 Bc8 22.
fxg4 Nxg4 23. Rf5 Bf4 24. Nxg4 hxg4 25. Qxg4 Rh8 26. Bf2 Rh7 27. g3 d5 28. gxf4
Rdh8 29. Kg2 Qe7 30. Rh1 Rg8 31. Kf1 Kh8 32. fxe5 Nxe5 33. Qf4 Bxf5 34. Qxf5
Rg6 35. h5 Rg5 36. Qc8+ Rg8 37. Qf5 Rg5 38. Qc8+ Rg8 39. Qh3 Rh6 40. Ke2 dxe4
41. Nxe4 Ng4 42. Bd4+ f6 43. Qf3 Rg7 44. c3 Qb7 45. Nc5 Qe7+ 46. Ne6 c5 47.
Bxc5 Qe8 48. Kd2 Ne5 49. Qe2 Qc6 50. Rf1 Rb7 51. Qxe5 fxe5 52. Rf8+ Kh7 53.
Bc2+ e4 54. Bxe4+ Qxe4 55. Ng5+ Kg7 56. Nxe4 Rxb2+ 57. Kc1 Re2 58. Re8 Rxh5 59.
Bd4+ Kg6 60. Re6+ Kf5 61. Re5+ 1-0

[Event "15. Obert Int. Sant Marti 2013"]
[Site "Barcelona ESP"]
[Date "2013.07.16"]
[Round "4.4"]
[White "Dvirnyy, Danyyil"]
[Black "Arenas, David"]
[Result "1-0"]
[WhiteElo "2549"]
[BlackElo "2437"]
[PlyCount "65"]
[EventDate "2013.07.13"]
[EventType "swiss"]
[EventRounds "9"]
[EventCountry "ESP"]
[SourceTitle "Ajedrez en Madrid"]
[Source "lmi"]
[SourceDate "2013.07.13"]
[SourceVersion "1"]
[SourceVersionDate "2019.06.21"]
[SourceQuality "1"]

1. Nf3 Nf6 2. c4 g6 3. Nc3 Bg7 4. d4 O-O 5. e4 d6 6. h3 e5 7. d5 a5 8. g4 Na6
9. Be3 Nc5 10. Nd2 Bd7 11. Be2 c6 12. h4 Qb8 13. h5 cxd5 14. exd5 Qc8 15. Rg1
a4 16. a3 Qc7 17. Qc2 e4 18. g5 Nd3+ 19. Kd1 Nxh5 20. Bxh5 Bf5 21. Bg4 Qd7 22.
Bxf5 gxf5 23. f4 Rfc8 24. Rb1 Ra5 25. b4 axb3 26. Rxb3 Nc5 27. Bxc5 Raxc5 28.
Rg3 Bd4 29. Nb5 Bf2 30. Rgc3 e3 31. Nf1 Re8 32. Nxe3 Re4 33. Qxf2 1-0

[Event "15. Obert Int. Sant Marti 2013"]
[Site "Barcelona ESP"]
[Date "2013.07.16"]
[Round "4.5"]
[White "Gomez Jurado, Luis Alberto"]
[Black "Flores Rios, Mauricio"]
[Result "0-1"]
[WhiteElo "2273"]
[BlackElo "2492"]
[PlyCount "80"]
[EventDate "2013.07.13"]
[EventType "swiss"]
[EventRounds "9"]
[EventCountry "ESP"]
[SourceTitle "Ajedrez en Madrid"]
[Source "lmi"]
[SourceDate "2013.07.13"]
[SourceVersion "1"]
[SourceVersionDate "2019.06.21"]
[SourceQuality "1"]

1. c4 e5 2. g3 Nc6 3. Nc3 g6 4. Bg2 Bg7 5. e4 d6 6. Nge2 h5 7. h4 Bg4 8. f3 Be6
9. Nd5 Nce7 10. d4 c6 11. Ne3 Nh6 12. d5 Bc8 13. Bd2 O-O 14. Bc3 f5 15. dxc6
fxe4 16. cxb7 Bxb7 17. fxe4 Qb6 18. Bd2 Ng4 19. Qb3 Nxe3 20. Bxe3 Qc6 21. Nc3
Nf5 22. Nd5 Nxe3 23. Ne7+ Kh7 24. Nxc6 Nxg2+ 25. Ke2 Bxc6 26. Qd3 Rf4 27. Qxd6
Rxe4+ 28. Kf2 Rf8+ 29. Kg1 Rf6 30. Qc5 Rg4 31. Kh2 Nxh4 32. Rhf1 Nf3+ 33. Kh3
Ng5+ 34. Kh2 Rxg3 35. Rxf6 Rh3+ 36. Kg1 Rh1+ 37. Kf2 Ne4+ 38. Kg2 Nxc5+ 39.
Rxc6 Rxa1 40. Rxc5 Rxa2 0-1

[Event "15. Obert Int. Sant Marti 2013"]
[Site "Barcelona ESP"]
[Date "2013.07.16"]
[Round "4.6"]
[White "Bellia, Fabrizio"]
[Black "Cruz, Cristhian"]
[Result "1/2-1/2"]
[WhiteElo "2415"]
[BlackElo "2499"]
[PlyCount "47"]
[EventDate "2013.07.13"]
[EventType "swiss"]
[EventRounds "9"]
[EventCountry "ESP"]
[SourceTitle "Ajedrez en Madrid"]
[Source "lmi"]
[SourceDate "2013.07.13"]
[SourceVersion "1"]
[SourceVersionDate "2019.06.21"]
[SourceQuality "1"]

1. d4 Nf6 2. Nf3 e6 3. e3 c5 4. Bd3 b6 5. O-O Bb7 6. c4 Be7 7. Nc3 cxd4 8. exd4
d5 9. cxd5 Nxd5 10. Bb5+ Bc6 11. Bc4 O-O 12. Ne5 Bb7 13. Qg4 Nf6 14. Qg3 Nbd7
15. Be3 Rc8 16. Bb3 Ne4 17. Nxe4 Bxe4 18. Bh6 Bg6 19. Nxg6 hxg6 20. Bf4 Nf6 21.
Be5 Nd7 22. Bf4 Nf6 23. Be5 Nd7 24. Bf4 1/2-1/2

[Event "15. Obert Int. Sant Marti 2013"]
[Site "Barcelona ESP"]
[Date "2013.07.16"]
[Round "4.7"]
[White "Valsecchi, Alessio"]
[Black "Hayrapetyan, Hovik"]
[Result "0-1"]
[WhiteElo "2412"]
[BlackElo "2486"]
[PlyCount "138"]
[EventDate "2013.07.13"]
[EventType "swiss"]
[EventRounds "9"]
[EventCountry "ESP"]
[SourceTitle "Ajedrez en Madrid"]
[Source "lmi"]
[SourceDate "2013.07.13"]
[SourceVersion "1"]
[SourceVersionDate "2019.06.21"]
[SourceQuality "1"]

1. e4 c5 2. c3 d5 3. exd5 Qxd5 4. Nf3 Nf6 5. d4 e6 6. Be2 Nc6 7. O-O Be7 8. Be3
cxd4 9. Nxd4 Nxd4 10. Qxd4 Qxd4 11. Bxd4 Bd7 12. Bf3 Bc6 13. Bxc6+ bxc6 14. Nd2
c5 15. Be5 O-O-O 16. Nc4 Rd5 17. Rfe1 Rhd8 18. h3 Ne8 19. a4 g5 20. Na5 f6 21.
Bg3 e5 22. Nc6 R8d7 23. b4 Kb7 24. b5 Nd6 25. Rad1 Nf5 26. Rxd5 Rxd5 27. Nxe7
Nxe7 28. c4 Rd7 29. f3 Ng6 30. Bf2 Nf4 31. a5 Ne6 32. g3 Rd3 33. f4 gxf4 34.
gxf4 Nxf4 35. Bxc5 Rg3+ 36. Kf2 Rc3 37. a6+ Kb8 38. Bd6+ Kc8 39. b6 Nxh3+ 40.
Kf1 axb6 41. Ra1 Rg3 42. Ra4 Rg8 43. Rb4 Rg1+ 44. Ke2 Ra1 45. Rxb6 h5 46. c5
Nf4+ 47. Kf3 Nd5 48. Rb8+ Kd7 49. Ke4 Ra4+ 50. Kf5 Rxa6 51. Rb7+ Kc6 52. Rh7
Ra1 53. Rxh5 Rf1+ 54. Ke4 Rf4+ 55. Kd3 Rd4+ 56. Kc2 Ne3+ 57. Kc3 Kd5 58. Bb8
Ke6 59. Rh8 Nd5+ 60. Kb3 Rb4+ 61. Ka3 Rc4 62. Bd6 e4 63. Kb3 Rc3+ 64. Kb2 e3
65. Re8+ Kf5 66. Bf8 Rc4 67. Bh6 Rxc5 68. Bxe3 Nxe3 69. Rxe3 Kg4 0-1

[Event "15. Obert Int. Sant Marti 2013"]
[Site "Barcelona ESP"]
[Date "2013.07.16"]
[Round "4.8"]
[White "Sanchez Ibern, Marc"]
[Black "Saptarshi, Roy"]
[Result "0-1"]
[WhiteElo "2408"]
[BlackElo "2447"]
[PlyCount "99"]
[EventDate "2013.07.13"]
[EventType "swiss"]
[EventRounds "9"]
[EventCountry "ESP"]
[SourceTitle "Ajedrez en Madrid"]
[Source "lmi"]
[SourceDate "2013.07.13"]
[SourceVersion "1"]
[SourceVersionDate "2019.06.21"]
[SourceQuality "1"]

1. e4 d5 2. exd5 Qxd5 3. Nc3 Qa5 4. Bc4 Nf6 5. d3 Bg4 6. f3 Bd7 7. Bd2 c6 8.
Qe2 Qc7 9. g4 e6 10. Nh3 b5 11. Bb3 Be7 12. Bf4 Qa5 13. a4 Na6 14. g5 Nd5 15.
Bd2 b4 16. Nxd5 cxd5 17. d4 Nb8 18. Nf2 Nc6 19. c3 bxc3 20. bxc3 Bxg5 21. Rd1
Bxd2+ 22. Qxd2 Rb8 23. Bc2 Ne7 24. Nd3 Ng6 25. Nc5 Qd8 26. O-O O-O 27. f4 f5
28. Bd3 Bc8 29. Rf2 Qd6 30. Re1 Rf6 31. Bf1 Nf8 32. Qe3 h6 33. h4 Rg6+ 34. Bg2
Rg4 35. h5 g5 36. hxg6 Nxg6 37. Nxe6 Bxe6 38. Qxe6+ Qxe6 39. Rxe6 Nxf4 40. Rxh6
Kg7 41. Rxf4 Rxf4 42. Re6 Rg4 43. Re2 Rc8 44. Re3 f4 45. Rd3 Rb8 46. Rf3 Rb1+
47. Rf1 Rxf1+ 48. Kxf1 Rg3 49. Bxd5 Rxc3 50. Ke2 0-1

[Event "15. Obert Int. Sant Marti 2013"]
[Site "Barcelona ESP"]
[Date "2013.07.16"]
[Round "4.9"]
[White "Ortiz Suarez, Isan Reynaldo"]
[Black "Gullaksen, Eirik"]
[Result "1-0"]
[WhiteElo "2612"]
[BlackElo "2380"]
[PlyCount "73"]
[EventDate "2013.07.13"]
[EventType "swiss"]
[EventRounds "9"]
[EventCountry "ESP"]
[SourceTitle "Ajedrez en Madrid"]
[Source "lmi"]
[SourceDate "2013.07.13"]
[SourceVersion "1"]
[SourceVersionDate "2019.06.21"]
[SourceQuality "1"]

1. e4 c5 2. Nf3 Nc6 3. Bb5 g6 4. Bxc6 dxc6 5. d3 Bg7 6. h3 b6 7. a4 a5 8. Na3
Nh6 9. Be3 f6 10. Nc4 Rb8 11. d4 Ba6 12. Qe2 cxd4 13. Nxd4 Qc8 14. Bf4 e5 15.
Nd6+ Kd7 16. N4b5 Qf8 17. O-O-O Ke7 18. Be3 cxb5 19. axb5 Bc8 20. Qc4 Bd7 21.
Bxb6 Rxb6 22. Qc5 Ke6 23. Qxb6 Qd8 24. Qc5 Qb8 25. Nf5 gxf5 26. Qd5+ Ke7 27.
Qxd7+ Kf8 28. Rd3 Nf7 29. Rc3 Bh6+ 30. Kb1 Kg7 31. Rg3+ Bg5 32. Qxf5 Qxb5 33.
h4 Nd6 34. Qe6 Nxe4 35. hxg5 Nxg5 36. Qe7+ Kg6 37. Rh6+ 1-0

[Event "15. Obert Int. Sant Marti 2013"]
[Site "Barcelona ESP"]
[Date "2013.07.16"]
[Round "4.10"]
[White "Perez Mitjans, Orelvis"]
[Black "Getz, Nicolai"]
[Result "1/2-1/2"]
[WhiteElo "2495"]
[BlackElo "2353"]
[PlyCount "84"]
[EventDate "2013.07.13"]
[EventType "swiss"]
[EventRounds "9"]
[EventCountry "ESP"]
[SourceTitle "Ajedrez en Madrid"]
[Source "lmi"]
[SourceDate "2013.07.13"]
[SourceVersion "1"]
[SourceVersionDate "2019.06.21"]
[SourceQuality "1"]

1. e4 e5 2. Nf3 Nc6 3. d4 exd4 4. Nxd4 Nf6 5. Nxc6 bxc6 6. e5 Qe7 7. Qe2 Nd5 8.
Nd2 Nf4 9. Qe3 Nd5 10. Qe4 d6 11. Nf3 f6 12. Bc4 dxe5 13. O-O Nb6 14. Qxc6+ Bd7
15. Qe4 Rb8 16. Re1 Nxc4 17. Qxc4 Qe6 18. Qxc7 Bd6 19. Qxa7 O-O 20. Nd4 Qf7 21.
Nb3 Rfc8 22. Bd2 Rxc2 23. Bc3 Be6 24. Qa6 Bf8 25. Nd2 Rbxb2 26. Bxb2 Rxb2 27.
Ne4 Bc4 28. Qc8 Bxa2 29. Nd6 Qe6 30. Qxe6+ Bxe6 31. Ra8 Rd2 32. Ne4 Rc2 33. h4
Bd5 34. Rd8 Bxe4 35. Rxe4 Kf7 36. Rd7+ Ke6 37. Rb7 h5 38. f3 g6 39. Kf1 Bc5 40.
Re2 Rc1+ 41. Re1 Rc2 42. Re2 Rc1+ 1/2-1/2

[Event "15. Obert Int. Sant Marti 2013"]
[Site "Barcelona ESP"]
[Date "2013.07.16"]
[Round "4.11"]
[White "Eggleston, David J"]
[Black "Cuartas, Jaime Alexander"]
[Result "1/2-1/2"]
[WhiteElo "2363"]
[BlackElo "2484"]
[PlyCount "116"]
[EventDate "2013.07.13"]
[EventType "swiss"]
[EventRounds "9"]
[EventCountry "ESP"]
[SourceTitle "Ajedrez en Madrid"]
[Source "lmi"]
[SourceDate "2013.07.13"]
[SourceVersion "1"]
[SourceVersionDate "2019.06.21"]
[SourceQuality "1"]

1. e4 c5 2. Nf3 Nc6 3. d4 cxd4 4. Nxd4 Qb6 5. Nb3 Nf6 6. Nc3 e6 7. Qe2 Bb4 8.
Bd2 O-O 9. a3 Be7 10. e5 Nd5 11. O-O-O d6 12. exd6 Bxd6 13. Nb5 Bf4 14. c4
Bxd2+ 15. Qxd2 Nf6 16. c5 Qd8 17. Qxd8 Rxd8 18. Rxd8+ Nxd8 19. Nd6 Bd7 20. Na5
Rb8 21. Be2 b6 22. cxb6 axb6 23. Nac4 Bc6 24. f3 Nb7 25. Nxb7 Rxb7 26. Kb1 Bd5
27. Rc1 Bxc4 28. Bxc4 g5 29. a4 Kg7 30. Bb5 h5 31. Rc8 Nd5 32. Bc6 Rc7 33. Rxc7
Nxc7 34. Kc2 Kf6 35. Kc3 Ke5 36. b4 h4 37. Kc4 Kd6 38. Bb7 Ne8 39. a5 Kc7 40.
Be4 Nd6+ 41. Kd4 f6 42. g3 hxg3 43. hxg3 Nb5+ 44. Kc4 Nd6+ 45. Kd4 Nb5+ 46. Kc4
Na7 47. f4 gxf4 48. gxf4 Nc8 49. Kd4 Ne7 50. a6 Nc8 51. b5 Na7 52. Bd3 Kd6 53.
Bf1 Nc8 54. Be2 Na7 55. Bf1 Nc8 56. Bd3 Na7 57. Bf1 Nc8 58. Be2 Na7 1/2-1/2

[Event "15. Obert Int. Sant Marti 2013"]
[Site "Barcelona ESP"]
[Date "2013.07.16"]
[Round "4.12"]
[White "Arvola, Benjamin"]
[Black "Fernandez Romero, Ernesto"]
[Result "1-0"]
[WhiteElo "2347"]
[BlackElo "2480"]
[PlyCount "103"]
[EventDate "2013.07.13"]
[EventType "swiss"]
[EventRounds "9"]
[EventCountry "ESP"]
[SourceTitle "Ajedrez en Madrid"]
[Source "lmi"]
[SourceDate "2013.07.13"]
[SourceVersion "1"]
[SourceVersionDate "2019.06.21"]
[SourceQuality "1"]

1. e4 e6 2. d4 d5 3. Nc3 Bb4 4. e5 c5 5. a3 Bxc3+ 6. bxc3 Ne7 7. Qg4 O-O 8. Qh5
Nbc6 9. Bd3 Ng6 10. Nf3 Qc7 11. Be3 c4 12. Bxg6 fxg6 13. Qg4 Qf7 14. h4 Qf5 15.
Qxf5 Rxf5 16. Ke2 h6 17. g4 Rf8 18. h5 g5 19. Nxg5 hxg5 20. h6 Rf7 21. Bxg5 Bd7
22. hxg7 Rxg7 23. Bf6 Be8 24. f4 Rxg4 25. Rh8+ Kf7 26. Bg5 Kg7 27. Rah1 Bg6 28.
Rxa8 Rg2+ 29. Kf1 Rxc2 30. Rhh8 Bf7 31. Rh3 Bg6 32. Rc8 Bd3+ 33. Ke1 Rc1+ 34.
Kd2 Rc2+ 35. Ke3 Bh7 36. Rc7+ Kg6 37. Rcxh7 Rxc3+ 38. Kd2 Rxh3 39. Rxh3 Nxd4
40. Kc3 Ne2+ 41. Kd2 Nd4 42. Rh6+ Kf5 43. Ke3 Nc2+ 44. Kd2 Nd4 45. a4 Ke4 46.
Rh3 b5 47. axb5 Nxb5 48. Re3+ Kf5 49. Re1 d4 50. Rc1 Na3 51. Ra1 Nb5 52. Ra4
1-0

[Event "15. Obert Int. Sant Marti 2013"]
[Site "Barcelona ESP"]
[Date "2013.07.16"]
[Round "4.13"]
[White "Escobar Forero, Alder"]
[Black "Galopoulos, Nikolaos"]
[Result "1-0"]
[WhiteElo "2466"]
[BlackElo "2343"]
[PlyCount "57"]
[EventDate "2013.07.13"]
[EventType "swiss"]
[EventRounds "9"]
[EventCountry "ESP"]
[SourceTitle "Ajedrez en Madrid"]
[Source "lmi"]
[SourceDate "2013.07.13"]
[SourceVersion "1"]
[SourceVersionDate "2019.06.21"]
[SourceQuality "1"]

1. e4 c6 2. d4 d5 3. Nc3 dxe4 4. Nxe4 Bf5 5. Ng3 Bg6 6. h4 h6 7. Nf3 Nd7 8. h5
Bh7 9. Bd3 Bxd3 10. Qxd3 e6 11. Bd2 Ngf6 12. O-O-O Be7 13. Qe2 O-O 14. Rhe1 Qc7
15. Ne5 Nxe5 16. dxe5 Nd7 17. f4 Kh8 18. Ne4 f5 19. exf6 Nxf6 20. Nf2 Bd6 21.
Nd3 Rae8 22. Kb1 Nd7 23. Bc3 Kg8 24. g3 Rf7 25. Nf2 Rf5 26. Qd3 Rd5 27. Qg6 Re7
28. Ng4 Nf8 29. Nf6+ 1-0

[Event "15. Obert Int. Sant Marti 2013"]
[Site "Barcelona ESP"]
[Date "2013.07.16"]
[Round "4.15"]
[White "Vehi Bach, Victor Manuel"]
[Black "Enchev, Ivajlo"]
[Result "1-0"]
[WhiteElo "2308"]
[BlackElo "2448"]
[PlyCount "86"]
[EventDate "2013.07.13"]
[EventType "swiss"]
[EventRounds "9"]
[EventCountry "ESP"]
[SourceTitle "Ajedrez en Madrid"]
[Source "lmi"]
[SourceDate "2013.07.13"]
[SourceVersion "1"]
[SourceVersionDate "2019.06.21"]
[SourceQuality "1"]

1. e4 e5 2. Nf3 Nc6 3. Nc3 Nf6 4. Bb5 Bb4 5. O-O O-O 6. d3 d6 7. Ne2 Ne7 8. c3
Ba5 9. Ng3 Ng6 10. d4 h6 11. h3 Be6 12. a4 a6 13. Bd3 Bb6 14. a5 Ba7 15. Re1
Re8 16. Be3 Nf4 17. Bxf4 exf4 18. Nf5 d5 19. exd5 Nxd5 20. Qd2 Qf6 21. Re5 Ne7
22. Nxe7+ Rxe7 23. d5 Bd7 24. Rxe7 Qxe7 25. Qxf4 Qd6 26. Qxd6 cxd6 27. b4 Rc8
28. Rc1 Bb5 29. Bxb5 axb5 30. Kf1 g6 31. Rc2 Kg7 32. Ke2 Kf6 33. Kd3 Rc4 34. g3
Ke7 35. Re2+ Kf6 36. Nd2 Rc8 37. c4 bxc4+ 38. Nxc4 Rd8 39. f3 Bg1 40. Nd2 Rc8
41. Ne4+ Ke5 42. Nc3+ Kf6 43. Nb5 Rd8 1-0

[Event "15. Obert Int. Sant Marti 2013"]
[Site "Barcelona ESP"]
[Date "2013.07.16"]
[Round "4.16"]
[White "Lorenzo De La Riva, Lazaro"]
[Black "Lovik, Lasse Ostebo"]
[Result "1/2-1/2"]
[WhiteElo "2433"]
[BlackElo "2311"]
[PlyCount "129"]
[EventDate "2013.07.13"]
[EventType "swiss"]
[EventRounds "9"]
[EventCountry "ESP"]
[SourceTitle "Ajedrez en Madrid"]
[Source "lmi"]
[SourceDate "2013.07.13"]
[SourceVersion "1"]
[SourceVersionDate "2019.06.21"]
[SourceQuality "1"]

1. e4 c5 2. Nc3 a6 3. Nge2 e6 4. d4 cxd4 5. Nxd4 Qc7 6. Bd3 b5 7. O-O Bb7 8.
Re1 Nf6 9. a4 b4 10. Na2 Nc6 11. Nxc6 Bxc6 12. c3 bxc3 13. Nxc3 Bd6 14. h3 O-O
15. Qe2 Be5 16. Bd2 Rfb8 17. Rab1 Bf4 18. b4 Bxd2 19. Qxd2 Qe5 20. Bf1 g5 21.
g3 Nxe4 22. Nxe4 Bxe4 23. Bg2 Qd5 24. Qxd5 exd5 25. Bxe4 dxe4 26. Rxe4 Rb6 27.
Rd1 Rab8 28. Rdd4 h6 29. h4 Kg7 30. hxg5 hxg5 31. Rg4 Kg6 32. f4 f6 33. fxg5 f5
34. Rgf4 Kxg5 35. Kf2 R8b7 36. Ke3 Re6+ 37. Kd3 Re5 38. Rd6 Re4 39. Rxe4 fxe4+
40. Kc3 Rc7+ 41. Kd4 Rb7 42. b5 axb5 43. a5 b4 44. a6 Rb8 45. a7 Ra8 46. Rxd7
b3 47. Rg7+ Kf6 48. Rb7 b2 49. Kxe4 Rxa7 50. Rxb2 Kg7 51. Rb5 Re7+ 52. Kf5 Ra7
53. g4 Rc7 54. Kg5 Ra7 55. Kh5 Rc7 56. Rg5+ Kh8 57. Ra5 Kg7 58. Ra6 Rb7 59. Ra8
Rc7 60. g5 Rb7 61. Ra6 Rc7 62. Rg6+ Kh7 63. Ra6 Kg7 64. Kg4 Rd7 65. Rb6 1/2-1/2

[Event "15. Obert Int. Sant Marti 2013"]
[Site "Barcelona ESP"]
[Date "2013.07.16"]
[Round "4.17"]
[White "Sorm, Daniel"]
[Black "Panelo, Marcelo"]
[Result "1-0"]
[WhiteElo "2304"]
[BlackElo "2428"]
[PlyCount "91"]
[EventDate "2013.07.13"]
[EventType "swiss"]
[EventRounds "9"]
[EventCountry "ESP"]
[SourceTitle "Ajedrez en Madrid"]
[Source "lmi"]
[SourceDate "2013.07.13"]
[SourceVersion "1"]
[SourceVersionDate "2019.06.21"]
[SourceQuality "1"]

1. d4 Nf6 2. Nf3 e6 3. Bf4 c5 4. e3 b6 5. Bd3 Bb7 6. O-O Be7 7. c4 cxd4 8. exd4
d5 9. cxd5 Nxd5 10. Bxb8 Qxb8 11. Ne5 O-O 12. Nd7 Qf4 13. g3 Qd6 14. Nxf8 Rxf8
15. Be4 Ne3 16. Qe2 Bxe4 17. Qxe3 Bb7 18. Nc3 Bf6 19. Ne4 Bxe4 20. Qxe4 Bxd4
21. Rfd1 e5 22. Rac1 f5 23. Qc6 Qe7 24. Qc7 Qe8 25. Qc6 Qe7 26. Qc7 Qe8 27. Qc6
Qe7 28. Rc2 f4 29. Rdc1 Qf7 30. Qc4 Qxc4 31. Rxc4 fxg3 32. hxg3 Bxf2+ 33. Kg2
Bd4 34. Rc8 Bxb2 35. Rxf8+ Kxf8 36. Rc7 e4 37. Rxa7 Bd4 38. Ra4 Bc5 39. Rxe4
Kf7 40. Kf3 h5 41. Re5 g6 42. a4 Bd6 43. Rb5 Ke7 44. Rxb6 g5 45. a5 Kd7 46. a6
1-0

[Event "15. Obert Int. Sant Marti 2013"]
[Site "Barcelona ESP"]
[Date "2013.07.16"]
[Round "4.18"]
[White "Ramirez Garcia, Jorge Alberto"]
[Black "Prasca Sosa, Rafael"]
[Result "0-1"]
[WhiteElo "2303"]
[BlackElo "2426"]
[PlyCount "72"]
[EventDate "2013.07.13"]
[EventType "swiss"]
[EventRounds "9"]
[EventCountry "ESP"]
[SourceTitle "Ajedrez en Madrid"]
[Source "lmi"]
[SourceDate "2013.07.13"]
[SourceVersion "1"]
[SourceVersionDate "2019.06.21"]
[SourceQuality "1"]

1. e4 c5 2. Nf3 Nc6 3. d4 cxd4 4. Nxd4 Nf6 5. Nc3 d6 6. Bc4 Qb6 7. Nb3 e6 8.
Be3 Qc7 9. Qe2 Be7 10. O-O-O a6 11. Nd4 Na5 12. Bd3 b5 13. f3 O-O 14. g4 b4 15.
Nb1 Nd7 16. Nd2 Nc5 17. Kb1 Bd7 18. Nf1 Rfc8 19. Rc1 e5 20. Nf5 Bf8 21. Nd2 Be6
22. Bxc5 Qxc5 23. Nb3 Qb6 24. Ne3 Nc6 25. Bc4 a5 26. Bd5 a4 27. Nd2 Nd4 28. Qd3
Rab8 29. Ndc4 Qc5 30. Bxe6 fxe6 31. Rhd1 Nxf3 32. Nxd6 Bxd6 33. Qxd6 Qxe3 34.
Qxe6+ Kh8 35. Ka1 a3 36. Rb1 Nd4 0-1

[Event "15. Obert Int. Sant Marti 2013"]
[Site "Barcelona ESP"]
[Date "2013.07.16"]
[Round "4.19"]
[White "Khaetsky, Roman"]
[Black "Thakur, Akash"]
[Result "1-0"]
[WhiteElo "2424"]
[BlackElo "2234"]
[PlyCount "66"]
[EventDate "2013.07.13"]
[EventType "swiss"]
[EventRounds "9"]
[EventCountry "ESP"]
[SourceTitle "Ajedrez en Madrid"]
[Source "lmi"]
[SourceDate "2013.07.13"]
[SourceVersion "1"]
[SourceVersionDate "2019.06.21"]
[SourceQuality "1"]

1. e4 e5 2. Nf3 Nc6 3. Bb5 a6 4. Ba4 Nf6 5. d4 exd4 6. O-O Be7 7. Re1 b5 8. Bb3
d6 9. a4 Bg4 10. axb5 axb5 11. Rxa8 Qxa8 12. h3 Bxf3 13. Qxf3 O-O 14. Na3 Na5
15. Bd5 c6 16. Ba2 b4 17. Nc4 Nb7 18. Bb3 Nc5 19. Bg5 d3 20. e5 dxe5 21. Nxe5
Nxb3 22. Nxc6 Bd6 23. Bxf6 d2 24. Rf1 gxf6 25. Qxf6 Rc8 26. Qg5+ Kf8 27. Qh6+
Ke8 28. Qe3+ Kd7 29. Nxb4 Rg8 30. g4 Qa4 31. Nd5 Rxg4+ 32. hxg4 Qxg4+ 33. Qg3
Qe2 1-0

[Event "15. Obert Int. Sant Marti 2013"]
[Site "Barcelona ESP"]
[Date "2013.07.16"]
[Round "4.20"]
[White "Capellades Subirana, Marc"]
[Black "Gallego Alcaraz, Andres Felipe"]
[Result "1/2-1/2"]
[WhiteElo "2260"]
[BlackElo "2414"]
[PlyCount "84"]
[EventDate "2013.07.13"]
[EventType "swiss"]
[EventRounds "9"]
[EventCountry "ESP"]
[SourceTitle "Ajedrez en Madrid"]
[Source "lmi"]
[SourceDate "2013.07.13"]
[SourceVersion "1"]
[SourceVersionDate "2019.06.21"]
[SourceQuality "1"]

1. e4 c5 2. Nf3 Nc6 3. d4 cxd4 4. Nxd4 Nf6 5. Nc3 e5 6. Ndb5 d6 7. Bg5 a6 8.
Na3 b5 9. Nd5 Be7 10. Bxf6 Bxf6 11. c3 O-O 12. Nc2 Bg5 13. a4 bxa4 14. Nce3 Rb8
15. Qxa4 Bd7 16. Qa2 a5 17. Bd3 g6 18. O-O Kh8 19. Nc4 f5 20. Nxd6 Be6 21. Qa3
Bxd5 22. exd5 Nb4 23. cxb4 axb4 24. Qb3 Qxd6 25. Ra6 Qd7 26. Bc4 e4 27. Qg3 Qd8
28. b3 f4 29. Qh3 Rb6 30. Rxb6 Qxb6 31. Qe6 Qd4 32. Qg4 Bd8 33. Qd1 Qc5 34. Qe2
Qd4 35. Qd1 Qe5 36. Qa1 Bf6 37. Qxe5 Bxe5 38. Rd1 Rf6 39. Kf1 g5 40. Re1 e3 41.
fxe3 fxe3+ 42. Ke2 Bd4 1/2-1/2

[Event "15. Obert Int. Sant Marti 2013"]
[Site "Barcelona ESP"]
[Date "2013.07.16"]
[Round "4.21"]
[White "Garcia Blanco, Omar"]
[Black "Pulvett, Daniel"]
[Result "0-1"]
[WhiteElo "2253"]
[BlackElo "2405"]
[PlyCount "92"]
[EventDate "2013.07.13"]
[EventType "swiss"]
[EventRounds "9"]
[EventCountry "ESP"]
[SourceTitle "Ajedrez en Madrid"]
[Source "lmi"]
[SourceDate "2013.07.13"]
[SourceVersion "1"]
[SourceVersionDate "2019.06.21"]
[SourceQuality "1"]

1. e4 c5 2. c3 d5 3. exd5 Qxd5 4. d4 Nf6 5. Nf3 e6 6. Na3 Nc6 7. Nb5 Qd8 8.
dxc5 Bxc5 9. Qxd8+ Kxd8 10. Bf4 Ne4 11. Rd1+ Bd7 12. Nbd4 Ke7 13. Bd3 Nf6 14.
Be3 Nxd4 15. Nxd4 Rac8 16. Nc2 Rhd8 17. Bxc5+ Rxc5 18. Ne3 Nd5 19. Nxd5+ Rxd5
20. c4 Ra5 21. Bb1 Re5+ 22. Kf1 Rc5 23. Bd3 Ra5 24. Bb1 b5 25. cxb5 Rxb5 26. b3
Re5 27. f3 Bb5+ 28. Kf2 Re2+ 29. Kg3 Rdd2 30. Rxd2 Rxd2 31. Rc1 f5 32. a4 Bd7
33. Rc2 Rd1 34. Ba2 Ra1 35. a5 e5 36. b4 f4+ 37. Kf2 Ba4 38. Rb2 Bb5 39. Bb1 e4
40. fxe4 Kf6 41. g3 g5 42. gxf4 gxf4 43. Kf3 Ke5 44. Rd2 Bc4 45. Bd3 Ra3 46.
Ke2 Rxd3 0-1